000 00944nam a2200325Ia 4500
001 71283
003 IT-RoPAU
008 130308s9999 xx 000 0 und d
040 _aIT-RoPAU
040 _cIT-RoPAU
041 _aPORTOGHESE
100 _aAA.VV.
100 _gCodice Aut. SPICS: 12000
245 _aHistorias em quadrinhos-Leitura critica
245 _bHistorias Em Quadrinhos-Leitura Critica
250 _a2a ed.
260 _aSAO PAULO
260 _bEdicoes Paulinas
260 _c1985 [1° Ed.:1985 - Ed.Ling.Originale:1985]
300 _a"94 p. (prefazione: no ; testo: 94 [pagine: 0-0])"
500 _aStorie a Fumetti Industria grafica Lavoro Pedagogico Educativo contributi di Autori Vari
650 _aEDUCAZIONE AL FUMETTO
650 _eCodice materia Spics: 6712
700 _aBibe Luyten Sonia
700 _gCodice Aut. SPICS: 2462
942 _cBK
957 _71
999 _c70334
_d70334
999 _bSI
999 _g1